TEXT BOOK OF MEDICINE (Record no. 8104)

MARC details
000 -LEADER
fixed length control field 00447nam a22001817a 4500
005 - DATE AND TIME OF LATEST TRANSACTION
control field 20230111104539.0
008 - FIXED-LENGTH DATA ELEMENTS--GENERAL INFORMATION
fixed length control field 221219b |||||||| |||| 00| 0 eng d
020 ## - INTERNATIONAL STANDARD BOOK NUMBER
ISBN 978-9385274-10-7
041 ## - LANGUAGE CODE
Language code of text/sound track or separate title eng
082 ## - DEWEY DECIMAL CLASSIFICATION NUMBER
Classification number 615 DAS-T
100 ## - MAIN ENTRY--AUTHOR NAME
Personal name DAS , P.C. AND OTHERS
245 ## - TITLE STATEMENT
Title TEXT BOOK OF MEDICINE
250 ## - EDITION STATEMENT
Edition statement 6th ed.
260 ## - PUBLICATION, DISTRIBUTION, ETC. (IMPRINT)
Place of publication KOLKATA
Name of publisher CURRENT BOOK INTERNATIONAL
300 ## - PHYSICAL DESCRIPTION
Number of Pages 680;P.
650 ## - SUBJECT ADDED ENTRY--TOPICAL TERM
Topical Term BPT
942 ## - ADDED ENTRY ELEMENTS (KOHA)
Koha item type Books
Holdings
Lost status Damaged status Collection code Home library Current library Shelving location Date acquired Source of acquisition Cost, normal purchase price Full call number Accession Number Koha item type
    Reference JRU Library JRU Library SHELF- 8 - C 25/10/2022 LOHIA BOOK INTERNATIONAL 430.00 615-DAT-T 27050 Books
    PHYSIOTHERAPY JRU Library JRU Library Shelf - 26- C 25/10/2022 LOHIA BOOK INTERNATIONAL 430.00 615-DAT-T 27051 Books